Flags without blue and red - Statistics

General Stats
  • This quiz has been taken 44 times
  • The average score is 5 of 10
Answer Stats
Answer % Correct
Ireland
73%
Saudi Arabia
62%
Niger
59%
Pakistan
59%
Cote d'Ivoire
54%
Jamaica
54%
Nigeria
51%
Mauritania
32%
Bhutan
30%
Cyprus
30%
No matching quizzes found
Score Distribution
Percent of People with Each Score
Percentile by Number Answered
Your Score History
You have not taken this quiz